|
|
|
|
| LEADER |
00000cam a2200000 c 4500 |
| 001 |
218501129 |
| 003 |
DE-627 |
| 005 |
20260206200603.0 |
| 007 |
tu |
| 008 |
961115s1970 gw ||||| 00| ||ger c |
| 016 |
7 |
|
|a 457571330
|2 DE-101
|
| 020 |
|
|
|a 3492018467
|c : 26.- (Pp.)
|9 3-492-01846-7
|
| 035 |
|
|
|a (DE-627)218501129
|
| 035 |
|
|
|a (DE-603)177422866
|
| 035 |
|
|
|a (DE-576)002116774
|
| 035 |
|
|
|a (DE-599)DNB457571330
|
| 035 |
|
|
|a (OCoLC)833161724
|
| 035 |
|
|
|a (OCoLC)67566439
|
| 035 |
|
|
|a (OCoLC)62930459
|
| 035 |
|
|
|a (DE-604)8019373880
|
| 040 |
|
|
|a DE-627
|b ger
|c DE-627
|e rakwb
|
| 041 |
|
|
|a ger
|h eng
|
| 044 |
|
|
|c XA-DE
|
| 084 |
|
|
|a 04a
|2 sdnb
|
| 084 |
|
|
|a 19
|a 11
|2 sdnb
|
| 084 |
|
|
|a PH 9020
|2 rvk
|0 (DE-625)rvk/136530:
|
| 084 |
|
|
|a PI 4510
|2 rvk
|0 (DE-625)rvk/136629:
|
| 084 |
|
|
|a CW 8000
|2 rvk
|0 (DE-625)rvk/19207:
|
| 100 |
1 |
|
|a Menninger, Karl A.
|d 1893-1990
|0 (DE-588)119339439
|0 (DE-627)080148107
|0 (DE-576)162202148
|4 aut
|
| 109 |
|
|
|a Menninger, Karl A. 1893-1990
|a Menninger, Karl Augustus 1893-1990
|a Menninger, Karl 1893-1990
|
| 240 |
1 |
4 |
|a The crime of punishment <dt.>
|
| 245 |
1 |
0 |
|a Strafe - ein Verbrechen?
|b Erfahrungen und Thesen eines amerikanischen Psychiaters
|c Karl Menninger. [Aus dem Amerikan. von Gisela Uellenberg]
|
| 264 |
|
1 |
|a München
|b Piper
|c 1970
|
| 300 |
|
|
|a 336 S.
|c 22 cm
|
| 336 |
|
|
|a Text
|b txt
|2 rdacontent
|
| 337 |
|
|
|a ohne Hilfsmittel zu benutzen
|b n
|2 rdamedia
|
| 338 |
|
|
|a Band
|b nc
|2 rdacarrier
|
| 500 |
|
|
|a Literaturverz. S. 330 - [332]
|
| 505 |
8 |
|
|a Literaturverz. S. 330 - [332]
|
| 583 |
1 |
|
|a Archivierung/Langzeitarchivierung gewährleistet
|c 2023
|f SLG
|x XA-DE-BW
|2 pdager
|5 DE-289
|
| 583 |
1 |
|
|a Archivierung prüfen
|c 20240324
|f DE-4165
|z 3
|2 pdager
|
| 650 |
|
0 |
|a Punishment
|
| 650 |
0 |
7 |
|0 (DE-588)4112701-8
|0 (DE-627)104321679
|0 (DE-576)209470127
|a Bekämpfung
|2 gnd
|
| 650 |
0 |
7 |
|0 (DE-588)4057808-2
|0 (DE-627)106149415
|0 (DE-576)20912377X
|a Strafvollzug
|2 gnd
|
| 650 |
0 |
7 |
|0 (DE-588)4033178-7
|0 (DE-627)10458503X
|0 (DE-576)209000511
|a Kriminalität
|2 gnd
|
| 650 |
0 |
7 |
|0 (DE-588)4057785-5
|0 (DE-627)106149474
|0 (DE-576)209123699
|a Strafe
|2 gnd
|
| 651 |
|
7 |
|0 (DE-588)4078704-7
|0 (DE-627)106076612
|0 (DE-576)209209682
|a Usa
|2 gnd
|
| 689 |
0 |
0 |
|d s
|0 (DE-588)4057785-5
|0 (DE-627)106149474
|0 (DE-576)209123699
|a Strafe
|2 gnd
|
| 689 |
0 |
1 |
|d s
|0 (DE-588)4047704-6
|0 (DE-627)106193821
|0 (DE-576)209074426
|a Psychologie
|2 gnd
|
| 689 |
0 |
|
|5 (DE-627)
|
| 700 |
1 |
|
|a Menninger, Karl
|4 oth
|
| 700 |
1 |
|
|a Uellenberg, Gisela
|4 oth
|
| 700 |
1 |
2 |
|a Menninger, Karl A.
|d 1893-1990
|t The crime of punishment <dt.>
|
| 935 |
|
|
|i Blocktest
|
| 935 |
|
|
|h HEB
|i 0501
|
| 935 |
|
|
|h HEB
|i 0503
|
| 936 |
r |
v |
|a PH 9020
|b Strafjustiz; Strafverfahren; Rechtsmedizin; Gerichtlicher Sachverständiger; Gerichtliche Psychiatrie; Kriminalpsychiatrie; Gerichtliche Psychologie; Aussagepsychologie
|k Rechtswissenschaft
|k Strafrecht, Strafverfahrensrecht, Kriminologie
|k Kriminologie
|k Strafverfahren und Strafvollzug; Empirische Bezugswissenschaften zur Kriminalrechtspflege; Forschung zu strafrechtlicher Sozialkontrolle
|k Strafjustiz; Strafverfahren; Rechtsmedizin; Gerichtlicher Sachverständiger; Gerichtliche Psychiatrie; Kriminalpsychiatrie; Gerichtliche Psychologie; Aussagepsychologie
|0 (DE-627)1271677156
|0 (DE-625)rvk/136530:
|0 (DE-576)201677156
|
| 936 |
r |
v |
|a PI 4510
|b Strafe, Allgemeines
|k Rechtswissenschaft
|k Allgemeine Rechtslehre und Rechtstheorie, Rechts- und Staatsphilosophie, Rechtssoziologie
|k Strafrechtsphilosophie sowie weltanschaulich umstrittene Fragen des Rechts
|k Strafe, Allgemeines
|0 (DE-627)1270882511
|0 (DE-625)rvk/136629:
|0 (DE-576)200882511
|
| 936 |
r |
v |
|a CW 8000
|b Forensische Psychologie
|k Psychologie
|k Angewandte Psychologie
|k Andere Gebiete der angewandten Psychologie
|k Forensische Psychologie
|0 (DE-627)1271504383
|0 (DE-625)rvk/19207:
|0 (DE-576)201504383
|
| 936 |
s |
n |
|a c200
|2 mzub
|
| 936 |
s |
n |
|a p100
|2 mzub
|
| 951 |
|
|
|a BO
|
| ELC |
|
|
|b 1
|
| LOK |
|
|
|0 000 xxxxxcx a22 zn 4500
|
| LOK |
|
|
|0 001 3073249559
|
| LOK |
|
|
|0 003 DE-627
|
| LOK |
|
|
|0 004 218501129
|
| LOK |
|
|
|0 005 20141021125354
|
| LOK |
|
|
|0 008 930527||||||||||||||||ger|||||||
|
| LOK |
|
|
|0 040
|a DE-21-110
|c DE-627
|d DE-21-110
|
| LOK |
|
|
|0 689
|a s
|a Straffälligenhilfe
|
| LOK |
|
|
|0 689
|a s
|a Freiheitsstrafe
|
| LOK |
|
|
|0 689
|a s
|a Auswirkungen
|
| LOK |
|
|
|0 689
|a s
|a Strafvollzug
|
| LOK |
|
|
|0 852
|a DE-21-110
|
| LOK |
|
|
|0 852 1
|c P I 157
|m p
|9 00
|
| LOK |
|
|
|0 935
|a k110
|
| LOK |
|
|
|0 936ln
|a 2.4
|
| LOK |
|
|
|0 938
|k p
|
| LOK |
|
|
|0 939
|a 27-05-93
|b l01
|
| ORI |
|
|
|a SA-MARC-krimdoka001.raw
|
| SIG |
|
|
|a IFK: P I 157
|